01239nmm a2200409 a 4500003000900000005001700009008004100026040001300067110005000080245005800130260002600188300002600214500002700240500002500267504005600292650003000348650002300378650000900401650002600410650002100436650002700457650002600484650001700510650001200527650001500539650001400554650001700568653002900585653002800614700004400642700002500686700002400711700002500735700002500760700002200785700002200807AR-BaBNM20251128204848.0166019s1995 ||||||||||||||000 | spa|| cAR-BaBNM1 aSan LuisbMinisterio de Cultura y Educación10aAportes para la enseñanza de las ciencias naturales aSan LuisbMarzoc1995 a143 p.bil., gráfs. aApéndice: p. 137-139 aGlosario: p. 140-141 aContiene bibliografía al final de cada capítulo 4aENSEÑANZA DE LA CIENCIA 4aCIENCIAS NATURALES 4aAGUA 4aESTADOS DE LA MATERIA 4aCALIDAD DEL AGUA 4aCOMPUESTOS INORGANICOS 4aECOSISTEMAS ACUATICOS 4aHIDROSTATICA 4aENERGIA 4aHIDROSFERA 4aATMOSFERA 4aLLUVIA ACIDA aEDUCACION GENERAL BASICA aCONOCIMIENTO CIENTIFICO1 aLópez de Federigi, Nievesecompilador1 aGiordano, María F.1 aLacreu, Héctor L.1 aStrasser, Edgardo N.1 aZakowicz, Esteban F.1 aReale, María I.1 aGarelis, Patricia